Städte an der Weser - Statistiken

Allgemein
  • Dieses Quiz wurde 55 mal gespielt
  • Das Durchschnittsergebnis liegt bei 6 aus 9
Antwortstatistiken
Bildquiz Hint Antwort % Korrekt
Bremen Freie Hansestadt Bremen
100%
Bremen Bremerhaven
96%
Niedersachsen Hameln
75%
Nordrhein-Westfalen Minden
75%
Niedersachsen Nienburg an der Weser
55%
Niedersachsen Achim (Landkreis Verden)
49%
Nordrhein-Westfalen Porta Westfalica (Stadt)
49%
Nordrhein-Westfalen Bad Oeynhausen
39%
Niedersachsen Weyhe
14%
Keine übereinstimmenden Quizze gefunden
Verteilung der Resultate
Anzahl Personen mit jedem Resultat
Perzentil nach korrekt beantworteten Fragen
Ihre Resultats-Entwicklung
Sie haben dieses Quiz noch nicht gespielt